Same Name Trios IV Quiz Stats

 Plays Quiz Updated Jul 24, 2016

Challenge
Share
Tweet
Embed
Score 0/30 Timer 04:00
6 Plays Today
% Correct
Kate
96.2%
Sean
96.1%
Starr
95.3%
Luke
95.2%
Morgan
94.4%
Jane
93%
Kelly
92.9%
Sanders
92.6%
Barney
90.5%
Boris
90.4%
Cameron
90%
Bryant
89.3%
Lopez
88.8%
Roy
88.6%
White
87.6%
% Correct
Owen
87.4%
Foster
86%
Herbert
84.8%
Russell
84.4%
Gray
84.3%
Mitchell
84.1%
Keith
84%
Carl
82.6%
Douglas
82%
Isaac
81.9%
Rudolph
81.3%
Carson
79.5%
Barton
73.6%
Arthur
71%
Milton
68%

You're not logged in!

Compare scores with friends on all Sporcle quizzes.
OR
Log In

You Might Also Like...

Show Comments

Extras

Top Quizzes Today


Score Distribution

Your Account Isn't Verified!

In order to create a playlist on Sporcle, you need to verify the email address you used during registration. Go to your Sporcle Settings to finish the process.

Report this User

Report this user for behavior that violates our Community Guidelines.

Details: